Na počátku : biblická odpověď na otázku po začátku /

Hlavní autor: Hochmann, František, 1920-1992
Jazyk: Čeština
Vydáno: Praha : Ústřední církevní nakladatelství, 1987
Edice: Teologické studie (Ústřední církevní nakladatelství)
Fyzický popis: 92 s.
Knihy
Uloženo v:
LEADER 00904nam a2200253 a 4500
001 000474391
003 CZ BrMZK
005 20000105143423.0
007 ta
008 000105s1987 xr cze d
015 |a cnb000038986 
035 |a (OCoLC)85620812 
040 |a BOA001  |b cze 
080 |a 22.08  |2 MRF 
100 1 |a Hochmann, František,  |d 1920-1992  |7 jk01041612  |4 aut 
245 1 0 |a Na počátku :  |b biblická odpověď na otázku po začátku /  |c F. Hochman. 
260 |a Praha :  |b Ústřední církevní nakladatelství,  |c 1987 
300 |a 92 s. 
490 1 |a Teologické studie (Ústřední církevní nakladatelství) 
500 |a Vyd. Čes. katol. Charita. - Bibliogr. 
830 0 |a Teologické studie (Ústřední církevní nakladatelství)  |0 s 
910 |a BOA001  |b 2-0933.257 
990 |a BK 
996 6 |b 2619755858  |c 2-0933.257  |l MZK  |r Sklad / do 1 hodiny  |n 4  |w 000474391  |u 000010  |a 1  |e BOA001  |j MZK50  |s P